LEADER 02391oam 2200697M 450 001 9910716175203321 005 20200213070909.8 035 $a(CKB)5470000002518361 035 $a(OCoLC)1065599721 035 $a(OCoLC)995470000002518361 035 $a(EXLCZ)995470000002518361 100 $a20071213d1926 ua 0 101 0 $aeng 135 $aurcn||||||||| 181 $ctxt$2rdacontent 182 $cc$2rdamedia 183 $acr$2rdacarrier 200 10$aAgnes De Jardins. April 28, 1926. -- Committed to the Committee of the Whole House and ordered to be printed 210 1$a[Washington, D.C.] :$c[U.S. Government Printing Office],$d1926. 215 $a1 online resource (3 pages) 225 1 $aHouse report / 69th Congress, 1st session. House ;$vno. 1026 225 1 $a[United States congressional serial set ] ;$v[serial no. 8537] 300 $aA variant spelling of claimant's name is found in this publication. Reference to H.R. "1602" in text printed in error; correct bill number is "1692." 300 $aBatch processed record: Metadata reviewed, not verified. Some fields updated by batch processes. 300 $aFDLP item number not assigned. 606 $aAmmunition 606 $aClaims 606 $aDefense contracts 606 $aDefense industries 606 $aExplosions 606 $aFactories 606 $aGovernment contractors 606 $aIndustrial accidents 606 $aIndustrial safety 606 $aLegislative amendments 606 $aMedical care 606 $aMentally ill 608 $aLegislative materials.$2lcgft 615 0$aAmmunition. 615 0$aClaims. 615 0$aDefense contracts. 615 0$aDefense industries. 615 0$aExplosions. 615 0$aFactories. 615 0$aGovernment contractors. 615 0$aIndustrial accidents. 615 0$aIndustrial safety. 615 0$aLegislative amendments. 615 0$aMedical care. 615 0$aMentally ill. 701 $aSweet$b Thaddeus C.$f1872-1928$pRepublican (NY)$01392535 801 0$bWYU 801 1$bWYU 801 2$bOCLCO 801 2$bOCLCQ 801 2$bOCLCO 801 2$bOCLCQ 906 $aBOOK 912 $a9910716175203321 996 $aAgnes De Jardins. April 28, 1926. -- Committed to the Committee of the Whole House and ordered to be printed$93447395 997 $aUNINA LEADER 03240oam 2200709 450 001 996204083103316 005 20240102112710.0 010 $a9789048514007$b(PDF ebook) 010 $z9789089643018$b(paperback) 035 $a(CKB)2670000000077691 035 $a(EBL)675646 035 $a(OCoLC)710975159 035 $a(SSID)ssj0000507541 035 $a(PQKBManifestationID)12165592 035 $a(PQKBTitleCode)TC0000507541 035 $a(PQKBWorkID)10546953 035 $a(PQKB)11316021 035 $a(MiAaPQ)EBC675646 035 $a(Au-PeEL)EBL675646 035 $a(CaPaEBR)ebr10459483 035 $a(CaONFJC)MIL305051 035 $a(oapen)https://directory.doabooks.org/handle/20.500.12854/28542 035 $a(EXLCZ)992670000000077691 100 $a20110502h20102010 uy 0 101 0 $adut 135 $aur||#|||||||| 181 $ctxt$2rdacontent 182 $cc$2rdamedia 183 $acr$2rdacarrier 200 10$aAan het buitenland gehecht $eOver verankering en strategie van Nederlands buitenlandbeleid /$fWetenschappelijke Raad Voor Het Regeringsbeleid 210 $cAmsterdam University Press$d2010 210 1$aAmsterdam :$cAmsterdam University Press,$d2010. 210 4$dİ2010 215 $a1 online resource (173 pages) $cdigital, PDF file(s) 225 1 $aWRR Rapporten, 85 300 $aDescription based upon print version of record. 311 08$aPrint version (paperback): 9789089643018 320 $aIncludes bibliographical references. 327 $aAan het buitenland gehecht -- inhoudsopgave -- samenvatting -- summary -- ten geleide -- 1. aanleiding en achtergrond - een inleiding -- 2. van fragmentatie naar strategie -- 3. europa - arena en schakel -- 4. regisseren en faciliteren -- 5. conclusies en aanbevelingen; literatuurlijst -- lijst van gesproken personen -- bijlage 1 -- bijlage 2 -- bijlage 3 -- bijlage 4 -- Naamloos. 330 $aDe Wetenschappelijke Raad voor het Regeringsbeleid (WRR) bepleit in zijn rapport Aan het buitenland gehecht een nieuwe aanpak van het buitenlandbeleid. De wereld om ons heen is onderhevig aan veranderende machtsverhoudingen, wordt bevolkt door andere spelers dan in het verleden, en wordt gekenmerkt door een sterkere verknoping van nationale en internationale vraagstukken. Dit vraagt om nieuwe antwoorden, om een herorie?ntatie op het buitenlandbeleid. Het rapport wordt op 30 november namens de regering in ontvangst genomen door de minister van Buitenlandse Zaken, dr. U. Rosenthal. Het rapport st 410 0$aWRR Rapporten, 85. 606 $aInternational relations 607 $aNetherlands$xForeign relations 610 $apublic administration 610 $abestuurskunde 610 $apolitical science 610 $apoliticologie 615 0$aInternational relations. 676 $a327.7319 700 $aKlem$b Martijn$4auth$0801009 702 $aKnapen$b Ben$4auth 702 $aArts$b Gera$4auth 702 $aKleistra$b Yvonne$4auth 702 $aRem$b Marijke$4auth 801 0$bMiAaPQ 801 1$bMiAaPQ 801 2$bMiAaPQ 801 2$bUkMaJRU 906 $aBOOK 912 $a996204083103316 996 $aAan het buitenland gehecht$93384099 997 $aUNISA